| 000 | 01640nab a2200301 4500 | ||
|---|---|---|---|
| 001 | 31812 | ||
| 003 | AR-RoBPED | ||
| 005 | 20251028183933.0 | ||
| 008 | 250806d18981968ag |||p| ||||s00| 0 spa d | ||
| 040 | _aAR-RoBPED | ||
| 041 | _aspa | ||
| 100 | 1 |
_aSola, José M. _930068 |
|
| 245 | 1 | 0 |
_aDidáctica especial / _cpor el profesor José M. Sola. |
| 362 | _,Año XIII, No. 157 (jun. 1901) | ||
| 362 | _,Año XIII, No. 158 (julio de 1901) | ||
| 362 | _,Año XIII, No. 159 (agosto de 1901) | ||
| 362 | _,Año XIII, No. 160 (septiembre de 1901) | ||
| 362 | _,Año XIII, No. 162 (noviembre de 1901) | ||
| 362 | _,Año XIII, No. 163 (diciembre de 1901) | ||
| 362 | _,Año XIV, No. 164 (enero de 1902) | ||
| 362 | _,Año XV, No. 165 (enero de 1902) | ||
| 500 | _aArtículo publicado en varias partes, en sucesivos números de la revista. | ||
| 500 | _aArtículo en Boletín de Educación. Santa Fe : Consejo General de Educación, 1886-198?: - Año 13, N° 157 (jun. 1901), páginas 349-351. - Año XIII, No. 158 (julio de 1901), páginas 438-440. - Año XIII, No. 159 (agosto de 1901), páginas 505-507. - Año XIII, 160 (septiembre de 1901), páginas 561-563. - Año XIII, No. 162 (noviembre de 1901), páginas 662-663. - Año XIII, No. 163 (diciembre de 1901), páginas 704-705. - Año XIV, No. 164 (enero de 1902), páginas 760-762. - Año XV, No. 165 (enero de 1902), página 20. | ||
| 650 | 4 |
_aEDUCACION ESPECIAL _91105 |
|
| 773 | 0 |
_022998 _930340 _aSanta Fe. _dSanta Fe : Consejo General de Educación, [1886-198-?]. _tBoletín de Educación : _w(AR-RoBPED)22998 |
|
| 942 |
_2udc _aK. 31812 _cREV |
||
| 945 | _ann 06/08/2025 | ||
| 999 |
_c31812 _d31812 |
||